000 00462nam a22001457a 4500
008 250513b |||||||| |||| 00| 0 eng d
020 _a9780241461969
050 _aHN6773
_b.S53
100 _aShapiro J. Scott
245 _aFancy Bear Goes Phishing
_bThe Dark History of the information Age, in five Extraordinary Hacks.
260 _aDublin
_bAllen Lane
_c2023
300 _a420P.
_bill.
650 _aHacking - Case Studies
_vPhishing - Case Studies
942 _cBK
999 _c3422
_d3422